000 01036nam a22002777a 4500
003 DO-SdBNP
005 20220303100920.0
008 210419e2020 dr ac|||| 00| e spa d
020 _a9789945096620
040 _aDO-SdBNP
_bspa
_cBPMSU
082 _a920.5
_bT266r
_222
100 1 0 _aTejeda, Adriano Miguel
_d1948-2020
245 1 0 _aAdriano Miguel Tejeda :
_breflexiones de un pesimista constructivo /
_cAdriano Miguel Tejeda ; compiladora Leonor Tejada Curiel ; fotografía Misael Rincón ,
260 _a[Santo Domingo] :
_bBok Editorial Group ,
_c2020
300 _a115 p. :
_bil., fotos ;
_c22 cm.
590 _6Inventariado, 2022/VM
600 1 4 _aTejada, Adriano Miguel
_d1948-2020
_vCitas, máximas, etc.
_x
650 4 _aPalabras y frases.
650 4 _aMáximas
_vColecciones.
650 4 _aapotegmas
651 4 _aRepública Dominicana
_xPolítica y Gobierno
_x Palabras y frases .
700 1 0 _aTejda Curiel , Leonor ,
_ecomp.
700 1 0 _aRincón , Misael,
_eFotografías
910 _aVMateo V.
942 _2ddc
_cBK
999 _c13673
_d13673